000 00709nam a2200229Ia 4500
001 10007
003 GE_BSU
008 181216s||||||||xx |||||||||||||| ||und||
040 _cGE_BSU
080 _a821.353.1–1
100 _aონიანი,ესმა
245 _aთეთრი სტუმრები
245 _bლექსები
245 _cრედ.ე.ფალიანი.მხატვ.ე.ონიანი
260 _aთბილისი
260 _bსაბჭოთა საქართველო
260 _c1986
300 _a80გვ.20სმ.
653 _aთეთრი სტუმრები
653 _aლექსები
942 _cBK
999 _c43280
_d43280